[Event "45th Olympiad 2024"]
[Site "Budapest HUN"]
[Date "2024.09.20"]
[Round "9.77"]
[Board "4"]
[White "Antonio, Kyell-Jean"]
[Black "Fomevor, Cephas Clinton"]
[Result "1/2-1/2"]
[WhiteElo "1763"]
[BlackElo "1873"]
[PlyCount "60"]
[EventDate "2024.09.11"]
[WhiteTeam "Aruba"]
[BlackTeam "Ghana"]
[WhiteTeamCountry "ARN"]
[BlackTeamCountry "GHA"]

1. e4 c6 2. d4 d5 3. e5 c5 4. dxc5 e6 5. c4 Bxc5 6. a3 Nc6 7. Nf3 a5 8. Nc3 Nge7 9. Be2 $146 ({RR} 9. Bd3 dxc4 10. Bxc4 Qxd1+ 11. Kxd1 Ng6 12. Ne4 O-O 13. Nxc5 Ncxe5 14. Nxe5 Nxe5 15. Be2 b6 16. f4 Rd8+ 17. Ke1 Nc6 18. Bf3 bxc5 19. Bxc6 Ra6 20. Be4 f5 21. Bc2 Bb7 22. Kf2 Rb6 23. Rd1 Bd5 {1-0 Tillyaev,U (2313)-Valle Maytin,L (2268) Titled Tuesday intern op 20th Sep Early blitz 2022 (1)}) 9... O-O 10. O-O dxc4 11. Qxd8 Rxd8 12. Bg5 h6 13. Bxe7 Bxe7 14. Bxc4 Nd4 15. Nxd4 Rxd4 16. Bb5 Rd2 17. Na4 b6 18. Rfd1 Rxd1+ 19. Rxd1 Rb8 20. Rc1 Bb7 21. Rc7 Bd8 22. Rd7 Bd5 23. Nc3 Bb3 24. f4 Bc2 25. Ba6 Kf8 26. Bb5 Rc8 27. Ba6 Rb8 28. Bb5 Rc8 29. Ba6 Rb8 30. Bb5 Rc8 1/2-1/2

[Event "45th Olympiad 2024"]
[Site "Budapest HUN"]
[Date "2024.09.20"]
[Round "9.78"]
[Board "1"]
[White "Dlamini Simphiwe"]
[Black "Blackman, Justin"]
[Result "0-1"]
[WhiteElo "1747"]
[BlackElo "2265"]
[PlyCount "72"]
[EventDate "2024.09.11"]
[WhiteTeam "Eswatini"]
[BlackTeam "Barbados"]
[BlackTeamCountry "BAR"]

1. e4 b6 2. g3 Bb7 3. Bg2 Nf6 4. d3 e6 5. Nf3 d5 6. e5 Nfd7 7. c3 c5 8. O-O Nc6 9. Re1 Be7 10. Nbd2 Qc7 11. Qe2 g5 12. Nb3 ({RR} 12. Nf1 g4 13. Ng5 Qxe5 14. Qd1 Qf5 15. Ne3 Qxg5 16. Nxd5 Qg6 17. Nc7+ Kf8 18. Nxa8 Bxa8 19. Qa4 e5 20. d4 cxd4 21. cxd4 Kg7 22. d5 Nc5 23. Qc4 Nd4 24. Rxe5 Nf5 25. b4 Bf6 26. Rxf5 Qxf5 {0-1 Kazakov,P (2419)-Giaccio,A (2470) Internet Section 10B g/8'+2" blitz 2004 (2)}) ({RR} 12. g4 O-O-O 13. Nf1 Rdg8 14. a3 h5 15. h3 hxg4 16. hxg4 Rh6 17. d4 Na5 18. dxc5 bxc5 19. N1d2 c4 20. Rb1 Nc5 21. Nd4 Nd3 22. b4 Nxe1 23. Qxe1 Nc6 24. N2f3 Nxd4 25. Nxd4 Rh4 26. Qe2 Kd7 {1-0 Jacques,R (2041)-Stukenbrok,N (2064) 38th ECC Open 2023 (6.8)}) 12... g4 13. Ng5 Qxe5 14. Qd2 Qf6 $146 ({RR} 14... Qg7 15. Rxe6 fxe6 16. Nxe6 Qe5 17. Bxd5 Rc8 18. Nf4 Bg5 19. Bg2 Bxf4 20. gxf4 Qe7 21. d4 c4 22. d5 cxb3 23. axb3 Na5 24. Rxa5 bxa5 25. d6 Qf6 26. Qe2+ Kd8 27. Bxb7 Qxd6 28. Bxc8 Re8 29. Be3 {0-1 Cherny,A (2188)-Ziegenfuss,A (2063) Vellmar op 11th 2019 (6)}) 15. Qe2 h6 16. Nxe6 fxe6 17. Qxe6 Qxe6 18. Rxe6 Nf6 19. Bf4 Kd7 20. Rae1 Rae8 21. c4 Nd8 22. R6e2 d4 23. Nd2 Bxg2 24. Kxg2 Nh5 25. Be5 Bf6 26. h3 Nc6 27. f4 gxh3+ 28. Kxh3 Nxe5 29. fxe5 Bg5 30. Nf3 Be3 31. b4 Rhg8 32. Rg2 Ref8 33. Nh2 Rf5 34. Ng4 Rfg5 35. Nf6+ Nxf6 36. exf6 Rh5# 0-1

[Event "45th Olympiad 2024"]
[Site "Budapest HUN"]
[Date "2024.09.20"]
[Round "9.78"]
[Board "2"]
[White "Lynch, Kemp"]
[Black "Mbongeni, Mabuza"]
[Result "0-1"]
[WhiteElo "1944"]
[BlackElo "1784"]
[PlyCount "70"]
[EventDate "2024.09.11"]
[WhiteTeam "Barbados"]
[BlackTeam "Eswatini"]
[WhiteTeamCountry "BAR"]

1. d4 Nf6 2. Nc3 d5 3. Bf4 e6 4. Nb5 Na6 5. e3 c6 6. Nc3 Nc7 7. Bd3 Bd6 ({RR} 7... c5 8. dxc5 Bxc5 9. Qf3 Bd6 10. Bxd6 Qxd6 11. Qg3 Qxg3 12. hxg3 b6 13. Nf3 Bb7 14. a4 a5 15. Ne2 Ke7 16. Ned4 h6 17. O-O Na6 18. c3 Nc5 19. Bc2 Rhc8 20. Rfd1 Ne8 21. Ne5 Nd6 22. f3 {½-½ Alekseenko,K (2696)-Jumabayev,R (2637) Titled Tuesday intern op 30th Mar blitz 2021 (6)}) 8. Qf3 Qe7 ({RR} 8... Bxf4 9. Qxf4 b5 10. Nf3 b4 11. Na4 Ba6 12. Ne5 Bxd3 13. cxd3 Na6 14. Rc1 Rc8 15. O-O Qa5 16. b3 Qb5 17. g4 O-O 18. g5 Nh5 19. Qf3 g6 20. Rc2 f6 21. gxf6 Rxf6 22. Qh3 c5 23. Nxc5 {0-1 Alekseenko,K (2677)-Nedelcu,T (2283) Titled Tue 23rd Jul Late 2024 (3)}) 9. Be5 $146 ({RR} 9. Qg3 Bxf4 10. Qxf4 O-O 11. Nf3 Nfe8 12. O-O-O f5 13. g4 fxg4 14. Qxg4 e5 15. Bxh7+ Kxh7 16. Qh5+ Kg8 17. Nxe5 Nf6 18. Qh4 Bf5 19. Rhg1 Rae8 20. f4 Ne4 21. Qh5 Nxc3 22. bxc3 Nb5 23. Kd2 Nd6 {1-0 Alekseenko,K (2696)-Gunina,V (2421) Titled Tuesday intern op 13th Apr blitz 2021 (5)}) ({RR} 9. Qg3 Bxf4 10. exf4 Bd7 11. Nge2 g6 12. O-O Nh5 13. Qf3 f6 14. Ng3 Nxg3 15. Qxg3 O-O-O 16. Rab1 c5 17. dxc5 Qxc5 18. Ne2 Qd6 19. c4 Bc6 20. b4 dxc4 21. Bxc4 Bb5 22. Bxb5 Nxb5 23. a4 Nd4 {1-0 Shehzad,S (2310)-Flatebo,H (1948) Norway Chess Open Masters 2023 (3.19)}) ({RR} 9. Nge2 e5 10. dxe5 Bxe5 11. Bxe5 Qxe5 12. Qg3 Qxg3 13. hxg3 h6 14. f3 Ne6 15. Kf2 Nc5 16. g4 Be6 17. Nf4 Ke7 18. b4 Ncd7 19. Nce2 a5 20. a3 Ne5 21. Nd4 Rhc8 22. Bf5 Bxf5 23. Nxf5+ Kf8 {0-1 Avazkhonov,A (1538)-Godzwon,I (2402) Titled Tue 8th Aug Early 2023 (8)}) 9... Bxe5 10. dxe5 Nd7 11. Qg3 f5 12. exf6 Nxf6 13. Nf3 O-O 14. Ne5 c5 15. O-O-O c4 16. Be2 b5 17. Bf3 Bb7 18. h4 a5 19. h5 Qe8 20. Ne2 c3 21. Nxc3 b4 22. Ne2 h6 23. Nf4 Qa4 24. Kb1 Rac8 25. Rd2 Rfe8 26. Qg6 Re7 27. Rh3 Nb5 28. Rg3 Nc3+ 29. bxc3 bxc3 30. Qxf6 Qb4+ 31. Kc1 cxd2+ 32. Kd1 Qb1+ 33. Kxd2 Rxc2+ 34. Kd3 Ba6+ 35. Kd4 Qb2# 0-1

[Event "45th Olympiad 2024"]
[Site "Budapest HUN"]
[Date "2024.09.20"]
[Round "9.78"]
[Board "3"]
[White "Nxumalo, Vuyo"]
[Black "Corbin, Philip"]
[Result "1/2-1/2"]
[WhiteElo "1746"]
[BlackElo "1916"]
[PlyCount "107"]
[EventDate "2024.09.11"]
[WhiteTeam "Eswatini"]
[BlackTeam "Barbados"]
[BlackTeamCountry "BAR"]

1. Nf3 f5 2. c4 Nf6 3. Nc3 e6 4. d4 Be7 5. g3 O-O 6. Bg2 d6 7. O-O Qe8 8. Re1 Qg6 9. Qd3 ({RR} 9. Bf4 a6 10. Rc1 h6 11. Qb3 Qf7 12. e4 Nxe4 13. Nxe4 fxe4 14. Rxe4 Bf6 15. g4 Bd7 16. Bg3 Bc6 17. Re3 a5 18. Rd1 Na6 19. h3 Rae8 20. Rde1 Kh8 21. Qd1 Nb4 22. a3 Bxf3 23. Bxf3 Nc6 {½-½ LCZero0.31-dag-5350a2e-BT4-61 (3634)-Stockfishdev-20240513-e608eab (3662) TCEC 26 Superfinal 2024 (47.1)}) 9... Ne4 10. Nd2 Nxc3 11. bxc3 Nd7 $146 ({RR} 11... Nc6 12. Rb1 e5 13. e4 f4 14. Nf3 fxg3 15. fxg3 Rb8 16. c5 Bg4 17. d5 Na5 18. Rb5 b6 19. c6 a6 20. Rb2 b5 21. Rf2 Nc4 22. a4 Bxf3 23. Bxf3 Bg5 24. Bg4 Rxf2 25. Kxf2 Bxc1 26. Be6+ {0-1 Terbe,Z (2163)-Amin,B (2667) ch-HUN Rapid 2024 (2.10)}) 12. e4 f4 13. Nf3 e5 14. dxe5 fxg3 15. fxg3 Nc5 16. Qd4 Bg4 17. exd6 cxd6 18. Qe3 Rae8 19. Nd4 h6 20. Kh1 Bg5 21. Qg1 Nxe4 22. Rxe4 Rxe4 23. Bxg5 hxg5 24. Bxe4 Qxe4+ 25. Qg2 Qd3 26. h3 Qxc3 27. Rf1 Rxf1+ 28. Qxf1 Qxd4 29. hxg4 Qxg4 30. Qd3 Qe6 31. Kg2 g4 32. a3 b6 33. Kg1 g6 34. Kg2 Kf7 35. Kh2 Qe5 36. Kg2 a6 37. Kh2 b5 38. cxb5 axb5 39. Qb3+ Kg7 40. Qd3 b4 41. axb4 Qb2+ 42. Kg1 Qxb4 43. Kg2 Qb2+ 44. Kg1 Qe5 45. Kg2 d5 46. Qa6 Qb2+ 47. Kg1 Qc1+ 48. Kg2 Qd2+ 49. Kg1 Qd1+ 50. Kg2 Qf3+ 51. Kh2 Qf2+ 52. Kh1 Qxg3 53. Qa1+ Kh7 54. Qh8+ 1/2-1/2

[Event "45th Olympiad 2024"]
[Site "Budapest HUN"]
[Date "2024.09.20"]
[Round "9.78"]
[Board "4"]
[White "Edwards, Emar"]
[Black "Mtsetfwa Philani"]
[Result "1-0"]
[WhiteElo "1898"]
[BlackElo "1688"]
[PlyCount "83"]
[EventDate "2024.09.11"]
[WhiteTeam "Barbados"]
[BlackTeam "Eswatini"]
[WhiteTeamCountry "BAR"]

1. d4 Nf6 2. Nc3 d5 3. Bf4 Bf5 4. e3 e6 5. Nf3 Bd6 6. Ne5 Nbd7 7. Bd3 Ne4 ({RR} 7... Bxd3 8. cxd3 O-O 9. O-O a6 10. e4 Be7 11. Qb3 Nxe5 12. Bxe5 b5 13. exd5 exd5 14. Rac1 c6 15. Nd1 Rc8 16. Ne3 Re8 17. Rc2 Nd7 18. Rfc1 Bg5 19. Rxc6 Rxc6 20. Rxc6 Nxe5 21. dxe5 Rxe5 22. d4 {0-1 Bortnyk,O (2605)-Firouzja,A (2785) Titled Tue 2nd May Early 2023 (10)}) ({RR} 7... Bxd3 8. cxd3 O-O 9. O-O a6 10. a4 Qe7 11. a5 c5 12. Nxd7 Nxd7 13. Bxd6 Qxd6 14. dxc5 Nxc5 15. d4 Nd7 16. Qb3 Rfc8 17. f4 f5 18. Na4 Rc7 19. Rfc1 Rac8 20. Rc3 Rxc3 21. bxc3 Rc7 22. Rb1 {1-0 Lewandrowski,T (1822)-Pettersson,A (1799) 282nd YMCA Winter A 2024 (1)}) 8. O-O $146 ({RR} 8. Bxe4 dxe4 9. g4 Bxe5 10. dxe5 Bg6 11. Qd4 Nb6 12. O-O-O Qe7 13. Nxe4 O-O 14. Bg5 Qe8 15. h4 Qc6 16. Nc3 Nd5 17. h5 Nxc3 18. Qxc3 Qxc3 19. bxc3 Be4 20. Rhg1 f6 21. exf6 gxf6 22. Bh4 Rf7 {1-0 Bortnyk,O (2604)-Kalavannan,K (2324) Titled Tuesday intern op 26th Jul Late blitz 2022 (1)}) 8... Bxe5 9. dxe5 Nxc3 10. bxc3 g5 11. Bg3 Bxd3 12. cxd3 h5 13. f4 h4 14. Be1 gxf4 15. exf4 Qe7 16. Qa4 a6 17. Rb1 O-O-O 18. Bf2 Rdg8 19. Kh1 f5 20. Rb2 Qg7 21. Be3 Rh7 22. c4 Qg3 23. Re2 Qg4 24. Rff2 Rhg7 25. cxd5 Nxe5 26. Qd4 Nd7 27. dxe6 Nb6 28. Qe5 h3 29. e7 Re8 30. Bc5 Nd7 31. Qe6 hxg2+ 32. Kg1 Qh3 33. Rxg2 Qh7 34. Rxg7 Qxg7+ 35. Rg2 Qa1+ 36. Kf2 Qb2+ 37. Kf3 Qh8 38. Ba3 Qh5+ 39. Kf2 Qh4+ 40. Kg1 Qxf4 41. Rg8 Qd4+ 42. Kg2 1-0

[Event "45th Olympiad 2024"]
[Site "Budapest HUN"]
[Date "2024.09.20"]
[Round "9.79"]
[Board "1"]
[White "Kabamwanishi, Mashala"]
[Black "Mompel Ferruz, Xavier"]
[Result "0-1"]
[WhiteElo "1914"]
[BlackElo "2273"]
[PlyCount "92"]
[EventDate "2024.09.11"]
[WhiteTeam "Democratic Republic of the Congo"]
[BlackTeam "Equatorial Guinea"]

1. e4 c5 2. Nf3 d6 3. d4 cxd4 4. Nxd4 Nf6 5. Nc3 a6 6. Bg5 e6 7. f4 Qb6 8. a3 Nbd7 9. Nb3 ({RR} 9. f5 e5 10. Nb3 h6 11. Bh4 Be7 12. Qe2 Qc7 13. O-O-O b5 14. g4 Rb8 15. Bxf6 Nxf6 16. h4 b4 17. axb4 Rxb4 18. Bg2 Bb7 19. g5 Nd7 20. Qh5 a5 21. Rh3 a4 22. Nd2 Bc6 23. Bf1 Nb6 {½-½ Maghsoodloo,P (2701)-Yilmaz,M (2634) Olympiad-44 Chennai 2022 (5.1)}) 9... Be7 10. Qf3 ({RR} 10. Qd2 Qc7 11. O-O-O b5 12. Be2 Bb7 13. Bf3 Nb6 14. Na5 e5 15. f5 Rd8 16. Be3 h5 17. g3 Nc4 18. Nxc4 Qxc4 19. b3 Qc7 20. h3 d5 21. Nxd5 Bxd5 22. exd5 Bxa3+ 23. Kb1 O-O 24. Bg5 e4 {0-1 TAN,C-Ozsoy,A (2198) TCh-TUR 1st League 2024 (7.39)}) 10... Qc7 11. Bh4 $146 ({RR} 11. O-O-O Rb8 12. Bd3 b5 13. Na2 h6 14. Bh4 Bb7 15. Be1 Nc5 16. Nxc5 dxc5 17. c4 bxc4 18. Bc2 Bc6 19. Bc3 Rb3 20. Rhe1 Qb7 21. Qe2 O-O 22. Qxc4 Bb5 23. Qxb3 c4 24. Qb4 Bxb4 25. Bxb4 Rc8 {0-1 Kammer,R (2150)-Schaller,S (2345) Bayern-chI Bank Hofmann 2nd 1998 (4)}) ({RR} 11. Bd3 b5 12. O-O Bb7 13. Rae1 h6 14. Qh3 e5 15. f5 d5 16. exd5 Bxd5 17. Nxd5 Nxd5 18. Bxe7 Nxe7 19. Qg3 O-O 20. f6 Qb6+ 21. Kh1 Nxf6 22. Rxe5 Rfe8 23. Nc5 Ned5 24. Nd7 Qd6 25. Rxd5 Qxg3 {1-0 Kovac,B (2219)-Zagorsek,D (1956) Ptuj op 2015 (2)}) ({RR} 11. O-O-O b5 12. g4 Bb7 13. Bg2 Rc8 14. Qe2 h6 15. Bh4 Nb6 16. Bg3 Nfd7 17. Rd3 Nc4 18. Rhd1 g5 19. e5 Bxg2 20. exd6 Bxd6 21. Rxd6 Nxd6 22. fxg5 Qb7 23. Rxd6 hxg5 24. Nd4 Rf8 25. Qe3 Rc5 {1-0 Durarbayli,V-Tokarski,L (2105) EU-ch U14 Herceg Novi 2005 (6)}) 11... h6 12. Bf2 b5 13. Bd3 Bb7 14. O-O g5 15. g3 g4 16. Qe3 h5 17. Rfe1 h4 18. gxh4 e5 19. f5 Nh5 20. Bg3 Bf8 21. Rad1 Bh6 22. Qf2 Bc6 23. Nd5 Bxd5 24. exd5 Kf8 25. Bf1 Re8 26. Rd3 Ndf6 27. Bg2 Kg7 28. Rc3 Qd7 29. Rc6 Nf4 30. Rxa6 N4xd5 31. Ra7 Qc8 32. Bxd5 Nxd5 33. f6+ Nxf6 34. Rf1 Qe6 35. Rb7 Rb8 36. Qa7 Rxb7 37. Qxb7 Be3+ 38. Bf2 Bxf2+ 39. Rxf2 Rxh4 40. Qxb5 Ne4 41. Rg2 Ng5 42. Qe2 Nh3+ 43. Kh1 Nf4 44. Qe4 Nxg2 45. Kxg2 Qh6 46. Kg1 g3 0-1

[Event "45th Olympiad 2024"]
[Site "Budapest HUN"]
[Date "2024.09.20"]
[Round "9.79"]
[Board "2"]
[White "Oscar Naranjo Gonzalez"]
[Black "Mimbasa Kutesa, Willy"]
[Result "1-0"]
[WhiteElo "1861"]
[BlackElo "1848"]
[PlyCount "55"]
[EventDate "2024.09.11"]
[WhiteTeam "Equatorial Guinea"]
[BlackTeam "Democratic Republic of the Congo"]

1. e4 e5 2. Nf3 Nf6 3. Nc3 Nc6 4. Bc4 h6 5. Qe2 ({RR} 5. a3 d6 6. h3 a6 7. d4 exd4 8. Nxd4 Nxd4 9. Qxd4 Be6 10. Be3 Be7 11. f4 Bxc4 12. Qxc4 b5 13. Qb3 c5 14. O-O c4 15. Qa2 O-O 16. b3 Rc8 17. Qb2 Qc7 18. b4 Qc6 19. e5 dxe5 {½-½ Iorga,N (2400)-Pavel,S Herculane op 1998}) 5... a6 $146 ({RR} 5... Bc5 6. a3 d6 7. d3 Bg4 8. Bd2 Nd4 9. Qe3 Nxc2+ 10. Ke2 Bxe3 11. Rad1 Bb6 12. h3 Nd4+ 13. Ke1 Nxf3+ 14. Kf1 Nxd2+ 15. Rxd2 Bd7 16. Re2 Nh5 17. Re3 Bxe3 18. fxe3 Qf6+ 19. Ke1 Qh4+ 20. Kd1 {0-1 Ahola,J-Muikku,J EU-ch Silent 1993}) ({RR} 5... Nb4 6. Bb3 Nc6 7. Qc4 Qe7 8. d3 Rb8 9. Bg5 a6 10. Nd5 Qd8 11. Nxf6+ Qxf6 12. Bxf6 gxf6 13. Qxf7+ Kd8 14. Qxf6+ Ne7 15. Qxh8 Ng6 16. Qg8 d6 17. Qxg6 Bd7 18. Qg8 c6 19. Qxf8+ Kc7 20. Qxh6 {1-0 Saratovsky,D-Mamontov,S UKR-ch U10 Ukraine 2010 (1)}) ({RR} 5... Bc5 6. Bxf7+ Kxf7 7. Qc4+ Ke8 8. Qxc5 d6 9. Qe3 Be6 10. O-O Qd7 11. Rd1 Nb4 12. Ne1 Bg4 13. f3 Be6 14. a3 Nc6 15. Nd3 g5 16. Qf2 Rf8 17. b4 Nd4 18. Ne1 g4 19. f4 Nh5 20. f5 {1-0 Lerendegui Lasa,O-Martinicorena Aguilo,C Huarte Puente Foral op-B 5th 2010 (5)}) 6. a4 Bc5 7. Bxf7+ Ke7 8. Ba2 d6 9. Qc4 Qe8 10. O-O Na5 11. Nd5+ Nxd5 12. Qxd5 Nc6 13. c3 Qg6 14. Nh4 Qf6 15. Nf5+ Bxf5 16. exf5 Nd8 17. d4 c6 18. Qe4 Bb6 19. Bf4 Bc7 20. Rfe1 Qh4 21. dxe5 dxe5 22. Rad1 a5 23. Qc4 Qf6 24. Bxe5 Bxe5 25. Qc5+ Ke8 26. Rxe5+ Qxe5 27. Qxe5+ Kf8 28. Qd6+ 1-0

[Event "45th Olympiad 2024"]
[Site "Budapest HUN"]
[Date "2024.09.20"]
[Round "9.79"]
[Board "3"]
[White "Kasongo Kazadi Olivier"]
[Black "Angel Estanislao Gatjens Capche"]
[Result "1/2-1/2"]
[WhiteElo "1794"]
[BlackElo "1849"]
[PlyCount "68"]
[EventDate "2024.09.11"]
[WhiteTeam "Democratic Republic of the Congo"]
[BlackTeam "Equatorial Guinea"]

1. d4 d5 2. Bf4 c5 3. e3 Nc6 4. Bb5 ({RR} 4. Nf3 Bg4 5. c3 e6 6. Qb3 Qc8 7. Nbd2 Nf6 8. Ne5 Be7 9. Nxg4 Nxg4 10. Be2 Nf6 11. O-O O-O 12. dxc5 Bxc5 13. Bg5 Nd7 14. Rac1 Qc7 15. Rfd1 Bd6 16. Nf3 Nde5 17. Nd4 Na5 18. Qc2 a6 {1-0 Kramnik,V (2785)-Gelfand,B (2736) Wch Blitz 2nd 2007 (21)}) 4... Qb6 ({RR} 4... cxd4 5. exd4 Qb6 6. Nc3 Nf6 7. a4 Bd7 8. a5 Qxd4 9. Nge2 Qxd1+ 10. Rxd1 e6 11. a6 b6 12. O-O Be7 13. Rfe1 Rc8 14. Bd3 Nb4 15. h3 O-O 16. Nd4 Nxd3 17. Rxd3 Bb4 18. Ra1 Bxc3 19. bxc3 {0-1 Avila Jimenez,J (2135)-Kopylov,D (2369) Titled Tue 3rd Sep Early 2024 (5)}) 5. Bxc6+ $146 ({RR} 5. Nc3 Nf6 6. a4 Qa5 7. Nf3 Ne4 8. O-O Nxc3 9. Qd2 Nxb5 10. Qxa5 Nxa5 11. axb5 Nc4 12. b3 Nd6 13. b6 a6 14. dxc5 Ne4 15. Nd4 Nxc5 16. Nb5 Ne6 17. Bg3 g6 18. Rfd1 Bd7 19. c4 Bg7 {0-1 Blijstra,W (2216)-Al Hajiri,B (2116) Olympiad-42 Baku 2016 (11.1)}) ({RR} 5. Nc3 e6 6. Nf3 Bd7 7. O-O Nf6 8. a3 a6 9. Bxc6 Bxc6 10. dxc5 Bxc5 11. b4 Be7 12. Nd4 Rc8 13. Qd3 Ne4 14. b5 axb5 15. Ncxb5 O-O 16. Rfb1 Qa5 17. a4 Bf6 18. Nd6 Nxd6 19. Bxd6 Rfd8 {0-1 Riesenbeck,J (2008)-Mecklenburg,R (1983) Ruhrgebiet Verbandsliga Gruppe 2 1819 2018 (6.5)}) 5... bxc6 6. b3 Nf6 7. Nf3 Ba6 8. Nbd2 e6 9. Bg5 cxd4 10. Nxd4 Bb4 11. Bxf6 gxf6 12. Qg4 Ke7 13. Nxc6+ Qxc6 14. Qxb4+ Kd7 15. c4 Rhc8 16. Rd1 Rab8 17. Qa3 Rg8 18. Nf3 Rxg2 19. Rg1 Rxg1+ 20. Nxg1 Ke8 21. Rd4 dxc4 22. Rg4 Rd8 23. Rg8+ Kd7 24. Rxd8+ Kxd8 25. Qf8+ Kc7 26. Qxf7+ Kb6 27. Qxf6 c3 28. Qd4+ Kb7 29. Qg7+ Kb6 30. Qd4+ Kb7 31. Qb4+ Kc7 32. Qe7+ Kb6 33. Qd8+ Kb7 34. Qe7+ Kb6 1/2-1/2

[Event "45th Olympiad 2024"]
[Site "Budapest HUN"]
[Date "2024.09.20"]
[Round "9.80"]
[Board "1"]
[White "Houssein, Mohamed Bilal"]
[Black "Stratonowitsch, Andre"]
[Result "0-1"]
[WhiteElo "1870"]
[BlackElo "2154"]
[PlyCount "76"]
[EventDate "2024.09.11"]
[WhiteTeam "Djibouti"]
[BlackTeam "Seychelles"]
[WhiteTeamCountry "DJI"]
[BlackTeamCountry "SEY"]

1. e4 c5 2. Nf3 e6 3. d4 cxd4 4. Nxd4 Nc6 5. Nc3 Qc7 6. Be3 a6 7. Qf3 b5 8. O-O-O Bb7 9. Qg3 Qxg3 10. hxg3 Nf6 11. f3 Bb4 12. g4 ({RR} 12. Nce2 d5 13. Nxc6 Bxc6 14. Nd4 Bb7 15. exd5 Nxd5 16. Bf2 O-O-O 17. Bd3 h6 18. c3 Be7 19. Nb3 Kb8 20. Kb1 Rc8 21. Be4 Rhd8 22. Nd4 Bc5 23. Rhf1 b4 24. c4 Nb6 25. Bxb7 Kxb7 26. b3 Rd7 {1-0 Mihajlovskij,S (2314)-Pasti,A (2400) Titled Tue 14th May Early 2024 (3)}) 12... O-O-O 13. g5 Ne8 14. a4 $146 ({RR} 14. Nb3 Nc7 15. Nc5 d5 16. exd5 exd5 17. Rh4 d4 18. Nxb7 Kxb7 19. Bxd4 Ne6 20. Be3 Rxd1+ 21. Nxd1 Rd8 22. Bd3 a5 23. Bxb5 Ne5 24. c3 Be7 25. Rxh7 Nxg5 26. Rxg7 Ne6 27. Rh7 Rg8 28. f4 Nf8 {1-0 Drygalov,S (2500)-Savitha Shri,B (2281) Titled Tuesday intern op 17th Aug blitz 2021 (1)}) 14... Bxc3 15. bxc3 bxa4 16. c4 d6 17. Ne2 Ne5 18. Nc3 Bc6 19. Kb2 Nd7 20. Be2 Kc7 21. Ka3 Rb8 22. Rb1 Rxb1 23. Rxb1 f6 24. f4 g6 25. Bd3 fxg5 26. fxg5 Rf8 27. Rh1 Rf7 28. Nxa4 Bxa4 29. Kxa4 Kc6 30. Ka5 Nc7 31. c3 Nc5 32. Be2 e5 33. Rb1 N7e6 34. Rb6+ Kc7 35. Bg4 Rf1 36. Rxa6 Ra1+ 37. Kb5 Rb1+ 38. Ka5 Nb7+ 0-1

[Event "45th Olympiad 2024"]
[Site "Budapest HUN"]
[Date "2024.09.20"]
[Round "9.80"]
[Board "2"]
[White "Bonne, Robin"]
[Black "Omar, Aden Omar"]
[Result "0-1"]
[WhiteElo "1707"]
[BlackElo "1779"]
[PlyCount "50"]
[EventDate "2024.09.11"]
[WhiteTeam "Seychelles"]
[BlackTeam "Djibouti"]
[WhiteTeamCountry "SEY"]
[BlackTeamCountry "DJI"]

1. d4 Nf6 2. Bf4 d5 3. e3 c5 4. c3 Nc6 5. Nf3 Qb6 6. Qc1 Bf5 7. Nbd2 e6 8. h3 ({RR} 8. Be2 Be7 9. a3 O-O 10. O-O Rac8 11. dxc5 Bxc5 12. b4 Be7 13. c4 Nh5 14. Bg5 Bxg5 15. Nxg5 Nf6 16. Qb2 Rfd8 17. c5 Qc7 18. Ngf3 a6 19. Nd4 Bg4 20. f3 Bh5 21. N2b3 Ne7 22. f4 Bxe2 {0-1 Kamsky,G (2671)-Gulko,B (2585) New York Mayor's Cup rapid 2006 (2)}) 8... h6 9. a4 $146 ({RR} 9. Be2 Be7 10. O-O O-O 11. Nb3 Ne4 12. Ne5 Nxe5 13. Bxe5 c4 14. Nd2 Qc6 15. f3 Nxd2 16. Qxd2 b5 17. a3 a5 18. Rfc1 b4 19. axb4 axb4 20. cxb4 Qb7 21. e4 Bg6 22. Bg3 Bxb4 23. Qe3 Be7 {½-½ Petrovic,M (2243)-Medic,M (2278) BIH-chT (Women) 2002 (1)}) ({RR} 9. Be2 Be7 10. O-O O-O 11. a3 Rac8 12. dxc5 Bxc5 13. b4 Be7 14. c4 Rfd8 15. Ra2 a5 16. c5 Qa7 17. Qb2 Nd7 18. Nb3 Bf6 19. Qd2 a4 20. Nbd4 Nxd4 21. Nxd4 Bh7 22. Nb5 Qa8 23. Nc7 Qa7 {1-0 Rodrigues,T (2155)-Slade,T (2009) Titled Tue 14th Feb Late 2023 (8)}) ({RR} 9. Be2 Be7 10. O-O O-O 11. dxc5 Bxc5 12. b4 Be7 13. a3 Rfc8 14. c4 dxc4 15. Nxc4 Qd8 16. Rd1 Nd5 17. Qb2 b5 18. g4 Bh7 19. Ncd2 Nxf4 20. exf4 Bf6 21. Ne5 Nxe5 22. fxe5 Rc2 23. Qb3 Bxe5 {0-1 Bayramov,Z (2333)-Stachowiak,K (2448) Lisbon Portugal rapid 2op 2020 (3)}) ({RR} 9. Be2 Be7 10. O-O O-O 11. Ne5 Rac8 12. Nxc6 bxc6 13. dxc5 Bxc5 14. Bd1 Rfe8 15. Bc2 Bxc2 16. Qxc2 e5 17. Bh2 e4 18. Rab1 Qa6 19. b4 Bf8 20. c4 c5 21. b5 Qe6 22. cxd5 Nxd5 23. Nc4 Nb4 {0-1 Gasic,B (2263)-Le Dinh,T (2361) Budapest FS08 IM-A 2002 (2)}) 9... Rc8 10. Ne5 cxd4 11. exd4 Nxd4 12. Bd3 Bxd3 13. Nxd3 Nf5 14. a5 Qc6 15. Ne5 Qb5 16. c4 dxc4 17. Ndxc4 Bb4+ 18. Kf1 O-O 19. Kg1 Nd4 20. Qf1 Ne4 21. Qd3 Qd5 22. Kh2 Nxf2 23. Qg3 Nxh1 24. Rxh1 Rxc4 25. Bxh6 Nf5 0-1

[Event "45th Olympiad 2024"]
[Site "Budapest HUN"]
[Date "2024.09.20"]
[Round "9.80"]
[Board "3"]
[White "Mohamed, Ali Dima"]
[Black "Pillay, Ragul"]
[Result "1-0"]
[WhiteElo "1761"]
[BlackElo "1633"]
[PlyCount "69"]
[EventDate "2024.09.11"]
[WhiteTeam "Djibouti"]
[BlackTeam "Seychelles"]
[WhiteTeamCountry "DJI"]
[BlackTeamCountry "SEY"]

1. e4 c5 2. d4 cxd4 3. Nf3 g6 4. Nxd4 Bg7 5. Bc4 d6 ({RR} 5... Qa5+ 6. c3 Nf6 7. Qe2 Nc6 8. O-O O-O 9. Nd2 d6 10. N2f3 Bd7 11. Re1 Rac8 12. Bb3 Qh5 13. h3 a6 14. e5 Nxe5 15. Nxe5 dxe5 16. Qxe5 Qxe5 17. Rxe5 Rfe8 18. Bd2 Nh5 19. Ree1 e5 {½-½ Mateo,R (2425)-De la Riva Aguado,O (2552) Andorra op 22nd 2004 (7)}) ({RR} 5... Qb6 6. c3 Nc6 7. Nxc6 bxc6 8. O-O Nf6 9. Qf3 O-O 10. b3 Bb7 11. Ba3 Rfe8 12. Bd3 d5 13. Nd2 Nd7 14. Bc2 Ne5 15. Qg3 Nd7 16. Kh1 Ba6 17. Rfe1 d4 18. Bb2 c5 19. f4 e5 20. f5 {0-1 Gantsetseg,G-Amulya Guruprasad (1633) Asian Amateur Women 2023 (5.4)}) 6. c3 Nf6 7. Nd2 $146 ({RR} 7. Qc2 Qc7 8. Bb3 Nc6 9. O-O Nxd4 10. cxd4 Qxc2 11. Bxc2 Nd7 12. Be3 O-O 13. Nc3 e5 14. d5 b6 15. Bd3 Nc5 16. Bc4 f5 17. f3 fxe4 18. fxe4 Bd7 19. Rxf8+ Rxf8 20. a4 Rc8 21. Bb5 Rc7 {½-½ Kaluza,R-Kahl,C Baden-ch AT2 2002 (1)}) ({RR} 7. f3 Qc7 8. Bb3 Nc6 9. Be3 a6 10. Qd2 Na5 11. Bh6 O-O 12. Bxg7 Kxg7 13. Na3 Bd7 14. O-O b5 15. Kh1 Rab8 16. Nac2 Nc4 17. Bxc4 Qxc4 18. Ne3 Qc5 19. Rad1 Rb7 20. Nb3 Qa7 21. Nd5 Nxd5 {0-1 Will,T (1605)-Edelmann,K (1865) Unterfranken-ch M2 50th 1999 (3)}) ({RR} 7. Qc2 O-O 8. O-O Nc6 9. Nd2 e6 10. N2f3 Qc7 11. Bd3 a6 12. Bd2 d5 13. exd5 Nxd5 14. Qc1 Rd8 15. Nxc6 Qxc6 16. Be2 Bd7 17. Bh6 Qc7 18. Bxg7 Kxg7 19. Re1 Bc6 20. Nd4 Rd7 21. Bf3 Rc8 {½-½ Zbun,L-Parfionova,L IBCA Wch blind (Women) 04th  1997 (5)}) 7... O-O 8. h4 h5 9. N4f3 d5 10. exd5 Nxd5 11. Qb3 Nf4 12. O-O Qc7 13. Ne4 Nc6 14. Neg5 e6 15. Qc2 Na5 16. Bxf4 Qxf4 17. Bd3 f5 18. Rfe1 Re8 19. b4 Nc4 20. Qa4 Re7 21. b5 Bxc3 22. Bxc4 Qc7 23. Nxe6 Bxe6 24. Rxe6 Kh7 25. Rd1 Rae8 26. Rdd6 Qc5 27. Qb3 Bb4 28. Rd5 Qc8 29. Ng5+ Kh6 30. Qe3 Rxe6 31. Nxe6+ Kh7 32. Ng5+ Kh6 33. Nf7+ Kg7 34. Qd4+ Kh7 35. Rd7 1-0